000 00288nam a22001337a 4500
082 _a894.812.3
_bCHA/S
100 _aCHATHANOOR,PRADEEP
245 _aSTAFF REPORTER
250 _aFIRST
260 _aKOLLAM
_bSAINDHAVA BOOKS
_c1998
300 _a93
650 _aSTORY
_zKERALA
942 _cBK
999 _c1818
_d1818